00971nam a22002417a 4500999001900000005001700019010001500036020002700051035001400078037001300092082001500105100001700120245010000137250001200237260003100249270008000280300003500360500012200395500003000517700002400547942002900571952012900600 c158806d15880620181115111451.0 aENG-124517 c2995.00a9788131253892 aEN-108049 bDBAD/PUB a343.540929 aBadri Vishal aNaushir Bharucha guide to the electricity laws/bby Badri Vishal; foreword by Shivaraj V. Patil a5th ed. aGurgaonbLexis Nexisc2018 a14th floor,Building No-10, Tower-B,DLF Cyber City Phase-11bGurgaone122002 aciv, 1688p.(1-52p.)c25cm.(Hb) aAn exhaustive commentary on the Electricity Act, 2003, and the Electricity Rules, 2005 with CERC Rules and Regulaions aIt includes subject index a Patil, Shivaraj V. 2ddccENmBADh343.540929 001040718NFICaDBADbBNd2018-11-15eDBAD/PUBg2995.00l0o343.540929 NAUpEN-108049r2018-11-15 00:00:00t1v2995.00yEN